Beef Cattle Feedinf and Nutrition (Record no. 6309)

MARC details
000 -LEADER
fixed length control field 00577nam a22002177a 4500
003 - CONTROL NUMBER IDENTIFIER
control field OSt
005 - DATE AND TIME OF LATEST TRANSACTION
control field 20210315125104.0
008 - FIXED-LENGTH DATA ELEMENTS--GENERAL INFORMATION
fixed length control field 190906b ||||| |||| 00| 0 eng d
020 ## - INTERNATIONAL STANDARD BOOK NUMBER
International Standard Book Number 9780124314139
040 ## - CATALOGING SOURCE
Transcribing agency DDC
082 ## - DEWEY DECIMAL CLASSIFICATION NUMBER
Classification number 636.2 PER 1980
100 ## - MAIN ENTRY--PERSONAL NAME
Relator code Perry, Tilden Wayne
245 ## - TITLE STATEMENT
Title Beef Cattle Feedinf and Nutrition
260 ## - PUBLICATION, DISTRIBUTION, ETC. (IMPRINT)
Place of publication, distribution, etc. New Yor;
Name of publisher, distributor, etc. Academic Press,
Date of publication, distribution, etc. 1980
300 ## - PHYSICAL DESCRIPTION
Extent xv,383p;
Other physical details ill:
Dimensions 24cm
504 ## - BIBLIOGRAPHY, ETC. NOTE
Bibliography, etc Appendices, & index included
650 ## - SUBJECT ADDED ENTRY--TOPICAL TERM
Topical term or geographic name as entry element Cattle feeding
9 (RLIN) 12929
650 ## - SUBJECT ADDED ENTRY--TOPICAL TERM
Topical term or geographic name as entry element Agriculture
9 (RLIN) 4591
650 ## - SUBJECT ADDED ENTRY--TOPICAL TERM
Topical term or geographic name as entry element Nutrition
9 (RLIN) 321
942 ## - ADDED ENTRY ELEMENTS (KOHA)
Source of classification or shelving scheme Other/Generic Classification Scheme
Koha item type Book Bank
Holdings
Withdrawn status Lost status Source of classification or shelving scheme Damaged status Not for loan Home library Current library Date acquired Source of acquisition Inventory number Total Checkouts Full call number Barcode Date last seen Koha item type
    Dewey Decimal Classification     MUST Main Library MUST Main Library 06/09/2019 Purchase 19/40687   636.2 PER 1980 2019-0416 06/09/2019 Open Shelf
    Dewey Decimal Classification     MUST Main Library MUST Main Library 06/09/2019 Purchase 19/40688   636.2 PER 1980 2019-0417 06/09/2019 Open Shelf
    Dewey Decimal Classification     MUST Main Library MUST Main Library 06/09/2019 Purchase 19/40689   636.2 PER 1980 2019-0418 06/09/2019 Open Shelf